[Event "SR 3. liga A2 2009/2010"]
[Site "?"]
[Date "2009.10.24"]
[Round "2.2"]
[White "Stanec, Stanislav"]
[Black "Sturdik, Igor"]
[Result "1/2-1/2"]
[WhiteElo "2196"]
[BlackElo "2047"]
[PlyCount "121"]
[EventDate "2009.??.??"]

1. d4 Nf6 2. c4 c5 3. d5 e6 4. Nc3 exd5 5. Nxd5 Nxd5 6. Qxd5 Nc6 7. Nf3 Be7 8.
Bd2 d6 9. Bc3 Be6 10. Qd3 Bf6 11. e3 Bxc3+ 12. Qxc3 Qa5 13. Qxa5 Nxa5 14. b3 f6
15. O-O-O O-O-O 16. Bd3 d5 17. cxd5 Bxd5 18. Bf5+ Kc7 19. Nd2 g6 20. Be4 f5 21.
Bxd5 Rxd5 22. Nf3 Rxd1+ 23. Rxd1 Nc6 24. a3 b6 25. Kc2 Rd8 26. Rxd8 Nxd8 27. h4
Kd6 28. Kd3 Nf7 29. a4 a6 30. Kc3 Ne5 31. Ng5 h6 32. Nh3 b5 33. axb5 axb5 34.
f3 Nf7 35. Ng1 g5 36. hxg5 hxg5 37. Ne2 Ke5 38. Ng3 Nd6 39. Kd3 f4 40. exf4+
gxf4 41. Ne2 Nf5 42. Kc3 Ne3 43. g4 fxg3 44. Nxg3 Nf5 45. Ne4 Kd5 46. Nf6+ Ke5
47. Nh5 Nh4 48. f4+ Kf5 49. Ng7+ Kxf4 50. Ne6+ Ke5 51. Nxc5 Nf5 52. Nd3+ Kd5
53. Nf4+ Kc5 54. Ne2 Kd5 55. Kb4 Kc6 56. Ka5 Kc5 57. Nc3 Nd4 58. b4+ Kc4 59.
Ne4 Nc6+ 60. Kb6 Nxb4 61. Nd6+ 1/2-1/2

[Event "SR 3. liga A2 2009/2010"]
[Site "?"]
[Date "2009.10.24"]
[Round "2.3"]
[White "Svoboda, Adam"]
[Black "Kubis, Ivan"]
[Result "1-0"]
[WhiteElo "1821"]
[BlackElo "2025"]
[PlyCount "81"]
[EventDate "2009.??.??"]

1. e4 e5 2. Nf3 Nc6 3. Nc3 Nf6 4. d4 exd4 5. Nxd4 Bb4 6. Nxc6 bxc6 7. Bd3 d5 8.
exd5 cxd5 9. O-O O-O 10. Bg5 c6 11. a3 Be7 12. Re1 Rb8 13. Rb1 Be6 14. Qf3 Qd7
15. h3 Rfe8 16. b4 h6 17. Bf4 Bd6 18. Bxh6 d4 19. Ne4 Nxe4 20. Bxe4 gxh6 21.
Bxc6 Qc7 22. Bxe8 Rxe8 23. Rbd1 Be5 24. Qe4 Bg7 25. Qd3 Rc8 26. Qa6 Bc4 27. Qa4
Be6 28. Re2 Qc4 29. Rde1 a6 30. Qa5 Qc6 31. Rd1 Bc4 32. Red2 Qe4 33. Qb6 Bd5
34. f3 Qe3+ 35. Kh1 Be5 36. Rxd4 Bxf3 37. Rd8+ Rxd8 38. Rxd8+ Kh7 39. Qxe3 Bf6
40. Kg1 Bxd8 41. Qxf3 1-0

[Event "SR 3. liga A2 2009/2010"]
[Site "?"]
[Date "2009.10.24"]
[Round "2.4"]
[White "Vepy, Ivan"]
[Black "Bahna, Jan"]
[Result "0-1"]
[WhiteElo "1920"]
[BlackElo "1960"]
[PlyCount "86"]
[EventDate "2009.??.??"]

1. e4 e5 2. Nc3 Nc6 3. Nf3 d6 4. h3 Nf6 5. d4 exd4 6. Nxd4 Be7 7. Bg5 O-O 8.
Nxc6 bxc6 9. Bd3 Nd7 10. Be3 Bf6 11. Qd2 Ne5 12. O-O Be6 13. f4 Nc4 14. Bxc4
Bxc4 15. Rf3 Re8 16. Rd1 a5 17. b3 Ba6 18. Bd4 Bb7 19. Rdf1 a4 20. Rg3 axb3 21.
cxb3 c5 22. Bxf6 Qxf6 23. Nb5 Re7 24. Re1 Rae8 25. Qc3 Qxc3 26. Nxc3 Bxe4 27.
Rge3 f5 28. g4 Kf7 29. gxf5 Bxf5 30. Rxe7+ Rxe7 31. Rxe7+ Kxe7 32. Kg2 c6 33.
h4 d5 34. Kf3 Kd6 35. Ne2 Bb1 36. Nc1 d4 37. a4 Bc2 38. a5 Kc7 39. Ke2 Kb7 40.
Kd2 Bf5 41. Nd3 Bxd3 42. Kxd3 Ka6 43. h5 h6 0-1

[Event "SR 3. liga A2 2009/2010"]
[Site "?"]
[Date "2009.10.24"]
[Round "2.5"]
[White "Klanica, Anton"]
[Black "Hrubsa, Marian"]
[Result "1/2-1/2"]
[WhiteElo "1894"]
[BlackElo "1930"]
[PlyCount "134"]
[EventDate "2009.??.??"]

1. e4 e6 2. d4 d5 3. exd5 exd5 4. Bd3 Bd6 5. Nf3 Nf6 6. O-O O-O 7. Bg5 Bg4 8.
Nbd2 Nbd7 9. c3 c6 10. Qb3 Qc7 11. Qc2 Rfe8 12. Rfe1 h6 13. Bh4 Nh5 14. Bf5
Bxf5 15. Qxf5 Nf4 16. Bg3 Ne2+ 17. Kh1 Nxg3+ 18. hxg3 g6 19. Qc2 Nf6 20. Kg1
Ng4 21. Nf1 Kg7 22. Re2 Rxe2 23. Qxe2 Nf6 24. N3d2 Re8 25. Qd3 Qe7 26. Rb1 Ng4
27. Qf3 Qg5 28. Qd3 Qe7 29. Qf3 h5 30. Rd1 Qg5 31. Qd3 Qe7 32. Qf3 Bc7 33. Nh2
Nxh2 34. Kxh2 h4 35. Nf1 hxg3+ 36. fxg3 Rh8+ 37. Kg1 Qg5 38. Rd3 Qh6 39. Kf2
Re8 40. Re3 Rxe3 41. Qxe3 Qxe3+ 42. Nxe3 Kf6 43. Kf3 Kg5 44. b3 Bb6 45. Nc2 f5
46. c4 Kf6 47. g4 Ke6 48. gxf5+ gxf5 49. Ke2 a6 50. Kd3 $11 Ba7 51. Ne3 Bb8 52.
Nc2 Bg3 53. Ke2 Bd6 54. Kd3 Bc7 55. Ke2 b5 56. Kd3 a5 57. cxb5 cxb5 58. Na3 b4
59. Nc2 f4 60. Ke2 Kf5 61. Kf3 Bb6 62. g4+ fxg3 63. Ne3+ Ke6 64. Nc2 Bc7 65.
Ne3 Bb6 66. Nc2 Kf5 67. Ne3+ Ke6 1/2-1/2

[Event "SR 3. liga A2 2009/2010"]
[Site "?"]
[Date "2009.10.24"]
[Round "2.6"]
[White "Vach, Jozef"]
[Black "Babirat, Michal"]
[Result "1-0"]
[WhiteElo "1907"]
[BlackElo "1737"]
[PlyCount "95"]
[EventDate "2009.??.??"]

1. d4 Nf6 2. Nf3 e6 3. c4 b6 4. Nc3 Bb7 5. e3 Be7 6. Be2 O-O 7. O-O d5 8. cxd5
Nxd5 9. a3 c5 10. Bd2 Nd7 11. Rc1 N7f6 12. Bd3 Rc8 13. Re1 cxd4 14. exd4 Bd6
15. Ne4 Nxe4 16. Bxe4 Rxc1 17. Qxc1 Qb8 18. Ne5 Rc8 19. Qb1 Nf6 20. Bd3 h6 21.
Re3 Qc7 22. h3 Nd5 23. Re1 Nf6 24. f4 Qd8 25. f5 Bxe5 26. dxe5 Qd5 27. Re2 Rd8
28. exf6 Qxd3 29. Qxd3 Rxd3 30. fxg7 Kxg7 31. Bc3+ Kh7 32. fxe6 fxe6 33. Rxe6
Rd7 34. g4 Bc8 35. Rf6 Rd1+ 36. Kf2 Rd7 37. Ke3 Ba6 38. Kf4 Bc4 39. Rc6 Bb5 40.
Rc8 Rf7+ 41. Ke4 Re7+ 42. Be5 Kg6 43. h4 Be2 44. Rc6+ Kh7 45. g5 hxg5 46. hxg5
Bg4 47. Rh6+ Kg8 48. g6 1-0

[Event "SR 3. liga A2 2009/2010"]
[Site "?"]
[Date "2009.10.24"]
[Round "2.7"]
[White "Jancik, Ondrej"]
[Black "Planka, Peter"]
[Result "1-0"]
[WhiteElo "1776"]
[BlackElo "1737"]
[PlyCount "69"]
[EventDate "2009.??.??"]

1. e4 e5 2. Nf3 Nc6 3. Bb5 a6 4. Ba4 Nf6 5. O-O Be7 6. Re1 d6 7. c3 O-O 8. h3
b5 9. Bc2 Bb7 10. d4 Re8 11. Nbd2 Bf8 12. Nf1 h6 13. Ng3 Na5 14. Bb1 c5 15. a4
cxd4 16. cxd4 Qb6 17. d5 bxa4 18. Qxa4 Nb3 19. Be3 Qb5 20. Ra3 Nc5 21. Qd1 Reb8
22. Bxc5 Qxc5 23. Rc3 Qb6 24. Re2 Rc8 25. Rb3 Rc1 26. Qxc1 Qxb3 27. Re3 Qb4 28.
Rc3 Qb6 29. Nf5 Qd8 30. Nd2 Rc8 31. Nc4 g6 32. Nxh6+ Kh7 33. Ng4 Nxg4 34. hxg4
Qh4 35. Rh3 1-0

[Event "SR 3. liga A2 2009/2010"]
[Site "?"]
[Date "2009.10.24"]
[Round "2.8"]
[White "Kubik, Peter"]
[Black "Puskar, Peter"]
[Result "1/2-1/2"]
[WhiteElo "1583"]
[BlackElo "1660"]
[PlyCount "127"]
[EventDate "2009.??.??"]

1. e4 c5 2. Nf3 d6 3. d4 cxd4 4. Nxd4 Nf6 5. Nc3 a6 6. Bg5 e5 7. Nb3 Be7 8. a4
Be6 9. Bd3 Nbd7 10. f3 Qc7 11. O-O O-O 12. Qd2 Nb6 13. Rfd1 Rfd8 14. Qf2 Nc4
15. Rab1 Rac8 16. Kh1 h6 17. Bh4 Nxb2 18. Rxb2 Qxc3 19. Rdb1 Rc7 20. Qe3 Rdc8
21. Be1 Qc6 22. Na5 Qxa4 23. Rxb7 Bf8 24. Qa7 Rxb7 25. Qxb7 Rc5 26. Qxa6 Bc4
27. Qb6 Bxd3 28. cxd3 d5 29. h3 dxe4 30. dxe4 Rc8 31. Bg3 Rc2 32. Bxe5 Nd7 33.
Qd4 Qxa5 34. Bxg7 Bxg7 35. Qxd7 Qa8 36. h4 Qc8 37. Qd1 Bb2 38. Qf1 Rc1 39. Rxc1
Qxc1 40. Qxc1 Bxc1 41. Kh2 Kg7 42. Kg3 Kg6 43. f4 h5 44. Kf3 Kf6 45. g4 hxg4+
46. Kxg4 Kg6 47. e5 Bd2 48. f5+ Kg7 49. e6 f6 50. Kf3 Bb4 51. Kg4 Kh6 52. h5
Kg7 53. Kf4 Kf8 54. Kg4 Bd2 55. Kf3 Ke7 56. Kg4 Bh6 57. Kf3 Kd6 58. Ke4 Ke7 59.
Kf3 Bg5 60. Kg4 Kf8 61. Kf3 Kg8 62. Kg3 Bh6 63. Kg4 Bf8 64. Kf4 1/2-1/2

[Event "SR 3. liga A2 2009/2010"]
[Site "?"]
[Date "2009.10.24"]
[Round "2.1"]
[White "Ivan, Imrich ml"]
[Black "Horak, Ivan"]
[Result "1-0"]
[WhiteElo "2079"]
[BlackElo "2105"]
[PlyCount "95"]
[EventDate "2009.??.??"]

1. Nf3 Nf6 2. c4 c6 3. b3 g6 4. Bb2 Bg7 5. g3 O-O 6. Bg2 d5 7. cxd5 cxd5 8. O-O
Nc6 9. d3 Bg4 10. Ne5 Nxe5 11. Bxe5 Qd7 12. Re1 Bh3 13. Bh1 Rac8 14. Nd2 Ng4
15. Bxg7 Kxg7 16. Rc1 h5 17. Rxc8 Rxc8 18. Qa1+ Nf6 19. Rc1 Rxc1+ 20. Qxc1 Qe6
21. Bf3 Qe5 22. Nf1 Qd4 23. Ne3 e5 24. Bg2 Be6 25. h4 b5 26. Kh2 Ng4+ 27. Nxg4
hxg4 28. Kg1 b4 29. h5 Qc3 30. Qe3 a5 31. h6+ Kh7 32. Qg5 Qe1+ 33. Bf1 Qc3 34.
Qf6 e4 35. d4 Kxh6 36. Qh8+ Kg5 37. Qd8+ Kf5 38. e3 Qc8 39. Qxa5 Qb8 40. Bb5
Qd6 41. Qa8 Qc7 42. Qf8 Qa5 43. Qb8 g5 44. Be8 Kf6 45. Qe5+ Ke7 46. Ba4 f6 47.
Qb8 Kf7 48. Qe8+ 1-0

[Event "SR 3. liga A2 2009/2010"]
[Site "?"]
[Date "2009.10.24"]
[Round "2.2"]
[White "Kovarik, Oto"]
[Black "Abraham, Jan"]
[Result "1/2-1/2"]
[WhiteElo "2053"]
[BlackElo "1981"]
[PlyCount "21"]
[EventDate "2009.??.??"]

1. e4 e6 2. d4 d5 3. Nd2 c5 4. exd5 Qxd5 5. Bb5+ Bd7 6. Bxd7+ Nxd7 7. Ndf3 cxd4
8. Qxd4 Ngf6 9. Ne2 Bc5 10. Qxd5 Nxd5 11. c3 1/2-1/2

[Event "SR 3. liga A2 2009/2010"]
[Site "?"]
[Date "2009.10.24"]
[Round "2.3"]
[White "Csefalvay, Stefan"]
[Black "Sefcik, Marek"]
[Result "0-1"]
[WhiteElo "1908"]
[BlackElo "2022"]
[PlyCount "80"]
[EventDate "2009.??.??"]

1. d4 e6 2. Nf3 f5 3. g3 Nf6 4. Bg2 d5 5. O-O c6 6. Bg5 Be7 7. e3 O-O 8. Nbd2
Nbd7 9. c4 Qe8 10. Rc1 Qh5 11. Bxf6 Bxf6 12. cxd5 exd5 13. b4 Nb6 14. Qb3 Bd7
15. a4 a6 16. a5 Nc8 17. Ne1 Be6 18. Nd3 Nd6 19. Nc5 Qf7 20. Qd3 Rae8 21. Nxa6
bxa6 22. Qxa6 Bd7 23. Rxc6 Bxc6 24. Qxc6 Ne4 25. Nb3 Rb8 26. Nc5 Rfc8 27. Qa4
Qe8 28. Qxe8+ Rxe8 29. Bxe4 fxe4 30. Rb1 Rb5 31. a6 Re7 32. Na4 Rc7 33. Nc5 Ra7
34. Kf1 Be7 35. Ke2 Bxc5 36. dxc5 Rxa6 37. Kd2 Kf7 38. Kc3 Ke6 39. Rb2 Ra3+ 40.
Kd2 Kd7 0-1

[Event "SR 3. liga A2 2009/2010"]
[Site "?"]
[Date "2009.10.24"]
[Round "2.4"]
[White "Bilovsky, Milan"]
[Black "Vizvari, Ludovit"]
[Result "0-1"]
[WhiteElo "1940"]
[BlackElo "2015"]
[PlyCount "112"]
[EventDate "2009.??.??"]

1. c4 c5 2. Nc3 e6 3. e4 Nc6 4. f4 d6 5. Nf3 a6 6. a3 Qc7 7. Rb1 Bd7 8. d3 Rb8
9. Be3 Be7 10. Be2 Nf6 11. O-O O-O 12. h3 h6 13. Qd2 Kh7 14. d4 cxd4 15. Nxd4
Rh8 16. b4 e5 17. Nb3 exf4 18. Bxf4 Ne5 19. Qd4 Be6 20. Nd5 Bxd5 21. exd5 Nfd7
22. Qe4+ g6 23. Rbc1 Bg5 24. Bxg5 hxg5 25. c5 Kg7 26. Qe3 f6 27. Nd4 Nf8 28.
Qf2 f5 29. c6 b5 30. Qg3 Rh4 31. Nf3 Nxf3+ 32. Bxf3 Kh6 33. Rfe1 a5 34. bxa5
Ra4 35. Rc3 Rxa5 36. Rce3 f4 37. Qg4 fxe3 38. Rxe3 Raa8 39. h4 Re8 40. Qxg5+
Kg7 41. Rb3 Re5 42. Qg3 Rb8 43. h5 g5 44. Kh2 Nh7 45. Qf2 Nf6 46. Qc2 Qf7 47.
a4 g4 48. Rxb5 Qxh5+ 49. Kg1 Rxb5 50. c7 Rc5 51. Qxc5 dxc5 52. c8=Q gxf3 53. d6
Qg6 54. Qb7+ Kh6 55. Qxf3 Qb1+ 56. Kf2 Rf5 0-1

[Event "SR 3. liga A2 2009/2010"]
[Site "?"]
[Date "2009.10.24"]
[Round "2.5"]
[White "Szabo, Gabor"]
[Black "Jozefovic, Milan"]
[Result "0-1"]
[WhiteElo "1941"]
[BlackElo "1904"]
[PlyCount "46"]
[EventDate "2009.??.??"]

1. e4 e5 2. Nf3 d6 3. d4 exd4 4. Nxd4 Nf6 5. Nc3 Be7 6. Bd3 Nbd7 7. f4 Nc5 8.
O-O Nxd3 9. cxd3 O-O 10. Kh1 c6 11. f5 Qb6 12. Nb3 Nd7 13. Rf3 Ne5 14. Rg3 Bf6
15. Ne2 Bh4 16. Rh3 Ng4 17. Rf3 Nf2+ 18. Rxf2 Qxf2 19. g3 Bf6 20. Nf4 Be5 21.
d4 Bxf4 22. Bxf4 d5 23. Qg4 dxe4 0-1

[Event "SR 3. liga A2 2009/2010"]
[Site "?"]
[Date "2009.10.24"]
[Round "2.6"]
[White "Hrubos, Milan"]
[Black "Vegh, Vince"]
[Result "0-1"]
[WhiteElo "1854"]
[BlackElo "1920"]
[PlyCount "71"]
[EventDate "2009.??.??"]

1. e4 c5 2. Nf3 Nc6 3. d4 cxd4 4. Nxd4 e5 5. Nb5 d6 6. c4 a6 7. N5a3 Nf6 8. Bg5
Be7 9. Bxf6 Bxf6 10. Nc3 O-O 11. Nc2 Bg5 12. g3 Kh8 13. Bg2 f5 14. h4 Be7 15.
Qd3 Qb6 16. O-O-O Qxf2 17. Rd2 Qb6 18. Nd5 Qd8 19. Nxe7 Qxe7 20. Qxd6 Qxd6 21.
Rxd6 f4 22. gxf4 Rxf4 23. Rf1 Rxf1+ 24. Bxf1 Bg4 25. Bd3 Rd8 26. Rxd8+ Nxd8 27.
Ne3 Bf3 28. b4 Ne6 29. Nd5 g5 30. hxg5 Nxg5 31. Nc3 h5 32. Kd2 h4 33. Be2 h3
34. Ke3 h2 35. Bxf3 Nxf3 36. Kxf3 0-1

[Event "SR 3. liga A2 2009/2010"]
[Site "?"]
[Date "2009.10.24"]
[Round "2.7"]
[White "Szabo, Julius"]
[Black "Husek, Lubomir"]
[Result "0-1"]
[WhiteElo "1721"]
[BlackElo "1749"]
[PlyCount "64"]
[EventDate "2009.??.??"]

1. e4 c5 2. Ne2 d6 3. d4 cxd4 4. Nxd4 Nf6 5. Nc3 e5 6. Nf3 Nc6 7. h3 Be7 8. Bc4
a6 9. Nd5 Nxe4 10. Nxe7 Qxe7 11. Bd5 Nf6 12. Bg5 Be6 13. Bxe6 Qxe6 14. Qd2 Ne4
15. Qe3 Nxg5 16. Nxg5 Qe7 17. c3 O-O 18. O-O Rad8 19. Rad1 f5 20. Qg3 e4 21. h4
Ne5 22. Rd5 Rf6 23. Qe3 Rh6 24. Qg3 Rf8 25. Qf4 Nd3 26. Qg3 Rg6 27. Qe3 Ne5 28.
g3 h6 29. Nh3 Qxh4 30. Kg2 f4 31. Qe1 f3+ 32. Kh2 Ng4+ 0-1

[Event "SR 3. liga A2 2009/2010"]
[Site "?"]
[Date "2009.10.24"]
[Round "2.8"]
[White "Holly, Milan"]
[Black "Magyarics, Jozef"]
[Result "1-0"]
[WhiteElo "1820"]
[BlackElo "1549"]
[PlyCount "155"]
[EventDate "2009.??.??"]

1. Nf3 d5 2. b3 Nc6 3. e3 e5 4. Bb2 Bd6 5. Be2 Nf6 6. O-O Be6 7. d4 e4 8. Nfd2
O-O 9. c4 b6 10. cxd5 Bxd5 11. Nc3 Re8 12. Rc1 Ne7 13. Qc2 c6 14. Ncxe4 Nxe4
15. Nxe4 Bc7 16. Bf3 Nf5 17. Nd2 Ne7 18. Ba3 Rc8 19. Bxe7 Rxe7 20. Bxd5 cxd5
21. Qd1 Re6 22. g3 Qd7 23. Qg4 Bd6 24. Qf5 Ba3 25. Rxc8+ Qxc8 26. Qxd5 h6 27.
Nc4 Be7 28. a4 a6 29. Kg2 h5 30. h3 Rg6 31. Ne5 Rf6 32. Qd7 Qa8+ 33. f3 Ba3 34.
e4 Qf8 35. Rf2 Rd6 36. Qb7 Rxd4 37. Rc2 Bc5 38. Nd7 Qe7 39. Qc8+ Kh7 40. Nxc5
bxc5 41. Qxc5 Qd7 42. Qf5+ Qxf5 43. exf5 Rb4 44. Rc3 Kh6 45. Kf2 Kg5 46. Rc5
Rxb3 47. f6+ Kxf6 48. Rxh5 g5 49. g4 Kg6 50. Rh8 Ra3 51. Kg3 Rxa4 52. Ra8 Ra1
53. Kf2 Kf6 54. Ra7 Ke6 55. Ke3 f5 56. gxf5+ Kxf5 57. Rf7+ Ke6 58. Ra7 a5 59.
Ke4 a4 60. Ra6+ Kd7 61. Kf5 a3 62. Kxg5 a2 63. Kf5 Ke7 64. f4 Kd7 65. Kf6 Rh1
66. Rxa2 Rxh3 67. Re2 Rf3 68. f5 Rh3 69. Kf7 Rf3 70. f6 Rg3 71. Re5 Rf3 72.
Rd5+ Kc6 73. Rd1 Kc7 74. Ke7 Re3+ 75. Kf8 Rf3 76. f7 Rf2 77. Rg1 Kd7 78. Kg7
1-0

[Event "SR 3. liga A2 2009/2010"]
[Site "?"]
[Date "2009.11.15"]
[Round "3.1"]
[White "Pribila, Gerhard"]
[Black "Pagac, Robert"]
[Result "1-0"]
[WhiteElo "2030"]
[BlackElo "1830"]
[PlyCount "81"]
[EventDate "2009.??.??"]

1. e4 e5 2. Nf3 Nc6 3. d4 exd4 4. Nxd4 Nxd4 5. Qxd4 d6 6. Bc4 Be6 7. O-O Bxc4
8. Qxc4 Be7 9. Qb5+ c6 10. Qxb7 Qc8 11. Qxc8+ Rxc8 12. Be3 a6 13. Nd2 Nf6 14.
Rad1 O-O 15. f3 Rfd8 16. Rfe1 h6 17. Nf1 Kh7 18. Ng3 g6 19. b3 Rb8 20. c4 Rd7
21. Bd4 c5 22. Bxf6 Bxf6 23. e5 Bg7 24. Rxd6 Rxd6 25. exd6 Rd8 26. Rd1 Bd4+ 27.
Kf1 Rxd6 28. Ne4 Re6 29. b4 Rc6 30. a4 f5 31. b5 Re6 32. Nd2 Kg7 33. Nb3 axb5
34. Nxd4 cxd4 35. axb5 Rd6 36. Ke2 Kf6 37. Kd3 Ke6 38. c5 Rd8 39. Kc4 Ke5 40.
c6 Ra8 41. f4+ 1-0

[Event "SR 3. liga A2 2009/2010"]
[Site "?"]
[Date "2009.11.15"]
[Round "3.2"]
[White "Brisudova, Veronika"]
[Black "Pribila, Michal"]
[Result "0-1"]
[WhiteElo "1737"]
[BlackElo "2078"]
[PlyCount "78"]
[EventDate "2009.??.??"]

1. e4 c5 2. f4 d5 3. exd5 Qxd5 4. Nc3 Qd8 5. Nf3 Nc6 6. Bc4 Nf6 7. d3 Bg4 8.
Bb5 Rc8 9. O-O a6 10. Bxc6+ Rxc6 11. Qe1 Bxf3 12. Rxf3 e6 13. Be3 Be7 14. Rd1
Ng4 15. Kh1 Nxe3 16. Rxe3 O-O 17. Rh3 Qd4 18. Qe2 Qxf4 19. Rf1 Qd4 20. Qh5 h6
21. Rhf3 f5 22. Ne2 Qh4 23. Qxh4 Bxh4 24. b3 Bf6 25. Nf4 Re8 26. Re1 Kf7 27.
Re2 b5 28. c4 g5 29. Nh5 Bd4 30. g4 Kg6 31. h3 f4 32. Kg2 bxc4 33. bxc4 Rb6 34.
Rf1 e5 35. Kf3 a5 36. Ke4 a4 37. a3 Rd8 38. Rh1 Bc3 39. Rc2 Rd4+ 0-1

[Event "SR 3. liga A2 2009/2010"]
[Site "?"]
[Date "2009.11.15"]
[Round "3.3"]
[White "Kocak, Branislav"]
[Black "Harasta, Juraj"]
[Result "1/2-1/2"]
[WhiteElo "1934"]
[BlackElo "1688"]
[PlyCount "130"]
[EventDate "2009.??.??"]

1. d4 d5 2. c4 e6 3. Nf3 Nf6 4. Nc3 c6 5. Bg5 Nbd7 6. e3 Bd6 7. Bd3 O-O 8. O-O
h6 9. Bxf6 Nxf6 10. Re1 Re8 11. e4 dxe4 12. Nxe4 Nxe4 13. Bxe4 Qf6 14. Qc2 c5
15. dxc5 Bxc5 16. a3 a6 17. b4 Ba7 18. Rad1 e5 19. c5 Rd8 20. Rxd8+ Qxd8 21.
Nxe5 Qc7 22. Bd5 Be6 23. Bxe6 fxe6 24. Qe4 Re8 25. Nc4 Bb8 26. g3 Re7 27. Rd1
Qc8 28. Ne5 Qe8 29. Nc4 Qc8 30. Rd3 Qe8 31. Nd6 Bxd6 32. Rxd6 Qc8 33. c6 b6 34.
c7 Qxc7 35. Rxe6 Rxe6 36. Qxe6+ Kh8 37. Qe8+ Kh7 38. Qe4+ g6 39. Kg2 Kg7 40. a4
h5 41. b5 axb5 42. axb5 Qc5 43. Qc6 Qd4 44. h4 Qd8 45. Kh3 Qd4 46. f4 Qg1 47.
Qf3 Qc5 48. Qf1 Qe3 49. f5 Qe4 50. Qa1+ Kf7 51. Qa7+ Kf8 52. Qb8+ Kg7 53. Qc7+
Kg8 54. Qd8+ Kg7 55. f6+ Kf7 56. Qc7+ Kxf6 57. Qxb6+ Ke7 58. Qc7+ Ke6 59. Qb6+
Ke7 60. Qc5+ Ke6 61. Qc6+ Qxc6 62. bxc6 Kd6 63. c7 Kxc7 64. Kg2 Kd6 65. Kf3 Ke5
1/2-1/2

[Event "SR 3. liga A2 2009/2010"]
[Site "?"]
[Date "2009.11.15"]
[Round "3.4"]
[White "Harastova, Viera"]
[Black "Valla, Tomas"]
[Result "0-1"]
[WhiteElo "1651"]
[BlackElo "1780"]
[PlyCount "108"]
[EventDate "2009.??.??"]

1. d4 Nf6 2. c4 c5 3. Nf3 cxd4 4. Nxd4 e5 5. Nb3 d5 6. cxd5 h6 7. Nc3 e4 8. Qd4
Qe7 9. Bf4 a6 10. g3 Qb4 11. Rd1 Qxd4 12. Rxd4 Nbd7 13. Bg2 g5 14. Bc7 e3 15.
fxe3 Bg7 16. Bd6 Kd8 17. Nc5 Ne8 18. Nxd7 Bxd4 19. exd4 Nxd6 20. Nb6 Rb8 21.
Rf1 f5 22. Kd2 Bd7 23. b3 Kc7 24. Nxd7 Kxd7 25. Na4 b6 26. Rc1 Rhc8 27. Rf1 Re8
28. Rc1 Rec8 29. Rf1 Ke7 30. Kd3 Rc7 31. Nb2 b5 32. Bh3 g4 33. Bg2 Rbc8 34. Nd1
Rc2 35. a4 bxa4 36. bxa4 a5 37. h3 h5 38. hxg4 hxg4 39. Bh1 Rc1 40. Bg2 Ra1 41.
Nc3 Rxf1 42. Bxf1 Rb8 43. e4 fxe4+ 44. Nxe4 Nxe4 45. Kxe4 Rb3 46. Be2 Rxg3 47.
Kf4 Rg1 48. Bxg4 Ra1 49. Be6 Rxa4 50. Ke5 Ra1 51. d6+ Kd8 52. Bc4 a4 53. Kd5 a3
54. Kc5 Rb1 0-1

[Event "SR 3. liga A2 2009/2010"]
[Site "?"]
[Date "2009.11.15"]
[Round "3.5"]
[White "Brunovsky, Peter"]
[Black "Berger, Patrik"]
[Result "0-1"]
[WhiteElo "1762"]
[BlackElo "1627"]
[PlyCount "95"]
[EventDate "2009.??.??"]

1. d4 Nf6 2. Nf3 g6 3. Bf4 d6 4. e3 Bg7 5. h3 c5 6. c3 b6 7. Bd3 O-O 8. O-O Bb7
9. Re1 Nc6 10. Bh2 Ne8 11. Na3 a6 12. Nc2 d5 13. Na3 e6 14. Nb1 Nd6 15. Nbd2 a5
16. Rc1 Ba6 17. Bb1 Qd7 18. a3 Rfc8 19. Bc2 Nb7 20. Ba4 b5 21. Bc2 b4 22. Ba4
Qe7 23. Ra1 Bd3 24. Kh1 Na7 25. Ne5 Bxe5 26. Bxe5 f6 27. Bg3 Nb5 28. Nb1 Bxb1
29. Bxb5 Bf5 30. Bh2 Nd6 31. Bxd6 Qxd6 32. g4 Be4+ 33. f3 Qb6 34. Be2 cxd4 35.
fxe4 dxc3 36. bxc3 Qxe3 37. Bf3 Qxc3 38. Rc1 Qxa3 39. Rxc8+ Rxc8 40. exd5 Rc3
41. Bg2 Rd3 42. Qc2 Rc3 43. Qe4 e5 44. g5 b3 45. gxf6 b2 46. Qxe5 Rc1 47. Qe6+
Kf8 48. Qc8+ 0-1

[Event "SR 3. liga A2 2009/2010"]
[Site "?"]
[Date "2009.11.15"]
[Round "3.6"]
[White "Leska, Marian"]
[Black "Zajicek, Ferdinand"]
[Result "0-1"]
[WhiteElo "1668"]
[BlackElo "1924"]
[PlyCount "46"]
[EventDate "2009.??.??"]

1. d4 c5 2. e3 Nf6 3. Nf3 g6 4. c4 Bg7 5. Nc3 cxd4 6. exd4 d5 7. Be2 O-O 8. O-O
dxc4 9. Bxc4 e6 10. d5 Nxd5 11. Nxd5 exd5 12. Bxd5 Nc6 13. Bg5 Qb6 14. Rb1 Bf5
15. Be3 Qa6 16. Qb3 Bxb1 17. Rxb1 Na5 18. Qa3 Rad8 19. Be4 b6 20. b4 Qe2 21.
Nd2 Nc4 22. Qc1 Nxd2 23. Bxd2 Rxd2 0-1

[Event "SR 3. liga A2 2009/2010"]
[Site "?"]
[Date "2009.11.15"]
[Round "3.7"]
[White "Kastler, Peter"]
[Black "Bartos, Bohumil"]
[Result "1-0"]
[WhiteElo "1721"]
[BlackElo "1572"]
[PlyCount "109"]
[EventDate "2009.??.??"]

1. d4 d5 2. c4 e6 3. Nc3 Nf6 4. Nf3 Nbd7 5. Bg5 Be7 6. e3 O-O 7. Qc2 dxc4 8.
Bxc4 Nd5 9. Bxe7 Qxe7 10. Nxd5 exd5 11. Bxd5 Nf6 12. Bc4 Qb4+ 13. Nd2 Re8 14.
O-O Bd7 15. Nf3 Qd6 16. Rac1 c6 17. Rfd1 Bg4 18. Be2 Rac8 19. a3 Ne4 20. Ne5
Bxe2 21. Qxe2 Nf6 22. Nf3 Rcd8 23. Qc4 Nd5 24. Qc5 Nb6 25. Qxd6 Rxd6 26. b3 f6
27. Nd2 Rde6 28. Nc4 Nd5 29. Na5 R8e7 30. Nc4 f5 31. g3 g6 32. Re1 Kg7 33. Re2
Nf6 34. Nd2 h6 35. Rc5 b6 36. Rc1 Nd5 37. Nf1 g5 38. Rec2 Rc7 39. Nd2 g4 40.
Nb1 Kf7 41. Nc3 Nf6 42. Ne2 Nd5 43. Nf4 Nxf4 44. gxf4 Rd6 45. b4 Ke6 46. b5 Kd5
47. Rxc6 Rdxc6 48. Rxc6 Rxc6 49. bxc6 Kxc6 50. Kf1 Kd5 51. Ke2 Ke4 52. Kd2 Kf3
53. d5 Kxf2 54. d6 Kg2 55. d7 1-0

[Event "SR 3. liga A2 2009/2010"]
[Site "?"]
[Date "2009.11.15"]
[Round "3.8"]
[White "Zlamal, Marek"]
[Black "Papanek, Lubomir"]
[Result "1/2-1/2"]
[WhiteElo "1505"]
[BlackElo "1663"]
[PlyCount "115"]
[EventDate "2009.??.??"]

1. e4 c5 2. c4 d6 3. d3 Nc6 4. Nc3 a6 5. Nge2 g6 6. g3 Bg7 7. Bg2 Rb8 8. O-O b5
9. Rb1 b4 10. Nd5 e6 11. Ne3 Nge7 12. Bd2 O-O 13. a3 a5 14. a4 Bb7 15. f4 f5
16. exf5 Nxf5 17. Nxf5 exf5 18. Be3 Re8 19. Bf2 Qd7 20. b3 Nd4 21. Nxd4 cxd4
22. Rb2 Re7 23. Re1 Rbe8 24. Bxb7 Qxb7 25. Rbe2 Kf7 26. Rxe7+ Rxe7 27. Rxe7+
Qxe7 28. Qf3 Qa7 29. Qd5+ Ke7 30. Qg8 Kf6 31. Qxh7 Kf7 32. Qh3 Qb7 33. g4 Qd7
34. g5 d5 35. Qf3 dxc4 36. dxc4 d3 37. Qd1 d2 38. Be3 Bc3 39. c5 Qd3 40. Kf2
Ke6 41. h4 Bd4 42. Bxd4 Qxd4+ 43. Ke2 Qe4+ 44. Kxd2 Qxf4+ 45. Kc2 Qf2+ 46. Qd2
Qxc5+ 47. Kb2 Qe5+ 48. Kc1 Qa1+ 49. Kc2 Qa2+ 50. Kc1 Qxb3 51. Qe2+ Kf7 52. Qb5
Qc3+ 53. Kb1 b3 54. Qd7+ Kf8 55. Qd8+ Kg7 56. Qe7+ Kg8 57. Qe8+ Kg7 58. Qe7+
1/2-1/2

[Event "SR 3. liga A2 2009/2010"]
[Site "?"]
[Date "2009.11.14"]
[Round "3.1"]
[White "Gasa, Andrej"]
[Black "Abel, Peter"]
[Result "1/2-1/2"]
[WhiteElo "2220"]
[BlackElo "2191"]
[PlyCount "43"]
[EventDate "2009.??.??"]

1. d4 Nf6 2. c4 c5 3. d5 e5 4. Nc3 d6 5. e4 Be7 6. g3 O-O 7. Bg2 Nbd7 8. Nge2
Ne8 9. O-O Kh8 10. f4 Nc7 11. f5 a6 12. a4 Rb8 13. Qd3 Nf6 14. h3 Bd7 15. g4
Ng8 16. Be3 b5 17. b3 Rb7 18. Rfd1 Bh4 19. Kh1 Bg5 20. Bf2 Bh4 21. Be3 Bg5 22.
Bf2 1/2-1/2

[Event "SR 3. liga A2 2009/2010"]
[Site "?"]
[Date "2009.11.14"]
[Round "3.2"]
[White "Mihalik, Marek"]
[Black "Palka, Miroslav"]
[Result "1-0"]
[WhiteElo "2090"]
[BlackElo "1976"]
[PlyCount "79"]
[EventDate "2009.??.??"]

1. d4 d5 2. c4 e6 3. Nc3 c6 4. cxd5 exd5 5. Nf3 Nf6 6. Bg5 Be7 7. e3 O-O 8. Bd3
h6 9. Bh4 Ne4 10. Bxe7 Qxe7 11. Qc2 Nxc3 12. bxc3 Nd7 13. O-O b6 14. Rfe1 Nf6
15. Ne5 Qd6 16. Rad1 Ng4 17. e4 Nxe5 18. dxe5 Qc5 19. exd5 cxd5 $11 20. Qd2 Bb7
21. Bb1 Rac8 22. Re3 Rc6 23. Rg3 Re8 24. Qf4 Bc8 25. h4 Kf8 26. Bf5 Bxf5 27.
Qxf5 Kg8 28. Rd4 g6 29. Qf4 h5 30. Rgd3 Qa3 31. c4 Qxa2 32. cxd5 Rc5 33. Qf6
Rc1+ 34. Kh2 Qa1 35. e6 Rh1+ 36. Kg3 Rf8 37. e7 Re8 38. Rf3 Rxe7 39. Qxe7 Qxd4
40. Qxf7+ 1-0